000 00554nam a2200181Ia 4500
001 20800
005 20260306172832.0
008 260306t2020||||xx |||||||||||||| ||spa||
041 _aESP
082 _a343.8
_bC25R
100 _aCanani Hernández, Jennifer,
_eAUT
245 0 _aReparos al IGV por calificación de operaciones como no reales/ Reparos al impuesto de la renta por calificación de operaciones como no fehacientes
260 _c2020
300 _a64 páginas :
_c24 cm.
650 _aGEN
654 _aCDE
942 _cLIB
_dJUS
_fJUS
_2ddc
_n
999 _c20800
_d20800